El Nuevo compromiso europeo : (Record no. 52317)

MARC details
000 -LEADER
campo de control de longitud fija 01327nam a2200325 4500
001 - NÚMERO DE CONTROL
campo de control 10297
003 - IDENTIFICADOR DE NÚMERO DE CONTROL
campo de control BJBSDDR
005 - FECHA Y HORA DE LA ÚLTIMA TRANSACCIÓN
campo de control 20251125104242.0
007 - CAMPO FIJO DE DESCRIPCIÓN FÍSICA--INFORMACIÓN GENERAL
campo de control de longitud fija ta
008 - DATOS DE LONGITUD FIJA--INFORMACIÓN GENERAL
campo de control de longitud fija 060907s1987 sp spa
020 ## - NÚMERO INTERNACIONAL ESTÁNDAR DEL LIBRO
Número Internacional Estándar del Libro 8486497051
020 ## - NÚMERO INTERNACIONAL ESTÁNDAR DEL LIBRO
Número Internacional Estándar del Libro 9788486497057
040 ## - FUENTE DE CATALOGACIÓN
Lengua de catalogación spa
Centro/agencia transcriptor BJBSDDR
041 ## - CÓDIGO DE IDIOMA
Código de lengua del texto/banda sonora o título independiente spa
050 14 - SIGNATURA TOPOGRÁFICA DE LA BIBLIOTECA DEL CONGRESO
Número de clasificación HX 238.5
Número de ítem N962 1987
245 03 - MENCIÓN DEL TÍTULO
Título El Nuevo compromiso europeo :
Resto del título Jávea III /
Mención de responsabilidad, etc. Alfonso Guerra ... [et al.].
260 ## - PUBLICACIÓN, DISTRIBUCIÓN, ETC.
Lugar de publicación, distribución, etc. Madrid :
Nombre del editor, distribuidor, etc. Editorial Sistema,
Fecha de publicación, distribución, etc. 1987
300 ## - DESCRIPCIÓN FÍSICA
Extensión 274 páginas ;
Dimensiones 23 cm.
490 ## - MENCIÓN DE SERIE
Mención de serie Colección de ciencias sociales
500 ## - NOTA GENERAL
Nota general "Un año más [i.e. 1987], nos reunimos en Jávea ... para asistir al III Encuentro sobre el Futuro del Socialismo, organizado por la Fundación SISTEMA"--P. 7.
500 ## - NOTA GENERAL
Nota general III Encuentro sobre el Futuro del Socialismo, Jávea, septiembre 1987
504 ## - NOTA DE BIBLIOGRAFÍA, ETC.
Nota de bibliografía, etc. Incluye referencias bibliográficas.
650 #4 - PUNTO DE ACCESO ADICIONAL DE MATERIA--TÉRMINO DE MATERIA
Término de materia o nombre geográfico como elemento de entrada Socialismo
Subdivisión geográfica Europa
Subdivisión de forma Congresos, conferencias, etc.
9 (RLIN) 4663
651 #4 - PUNTO DE ACCESO ADICIONAL DE MATERIA--NOMBRE GEOGRÁFICO
Nombre geográfico Europa
Subdivisión general Política y gobierno
9 (RLIN) 6202
Subdivisión cronológica 1945-
Subdivisión de forma Congresos, conferencias, etc.
700 1# - ENTRADA AGREGADA--NOMBRE PERSONAL
Nombre de persona Guerra, Alfonso,
Fechas asociadas al nombre 1940-
9 (RLIN) 40026
710 2# - ENTRADA AGREGADA--NOMBRE DE ENTIDAD CORPORATIVA
Nombre de entidad corporativa o nombre de jurisdicción como elemento de entrada Fundación Sistema (Madrid, España)
9 (RLIN) 40213
711 2# - ENTRADA AGREGADA--NOMBRE DE REUNIÓN
Nombre de congreso/reunión o jurisdicción como elemento de entrada Encuentro sobre el Futuro del Socialismo
Fecha del congreso o de la firma del tratado 1987 :
Sede del congreso/Lugar de la reunión Jávea, España)
9 (RLIN) 40214
830 ## - PUNTO DE ACCESO ADICIONAL DE SERIE-TÍTULO UNIFORME
Título uniforme Ciencias sociales (Siglo XXI)
9 (RLIN) 40212
942 ## - ELEMENTOS DE ENTRADA SECUNDARIOS (KOHA)
Fuente del sistema de clasificación o colocación Clasificación de Library of Congress
Tipo de ítem Koha Libro
Holdings
Estatus retirado Estado de pérdida Fuente del sistema de clasificación o colocación Estado de daño No para préstamo Colección Biblioteca de origen Biblioteca actual Ubicación en estantería Fecha de adquisición Signatura topográfica completa Código de barras Visto por última vez Copia número Tipo de ítem Koha
    Clasificación de Library of Congress     Ciencias Sociales Biblioteca Juan Bosch Biblioteca Juan Bosch Ciencias Sociales (3er. Piso) 24/10/2018 HX 238.5 N962 1987 00000009590 24/10/2018 1 Libro